|
|
|
|
| LEADER |
00000nam0a2200000 4500 |
| 001 |
139682 |
| 005 |
20231101220818.0 |
| 010 |
|
|
|a 5020292591
|
| 020 |
|
|
|a RU
|b 91-37745
|
| 035 |
|
|
|a (RuTPU)RU\TPU\book\151316
|
| 090 |
|
|
|a 139682
|
| 100 |
|
|
|a 20080610d1991 km a0rusy5003 ca
|
| 101 |
0 |
|
|a rus
|
| 102 |
|
|
|a RU
|
| 105 |
|
|
|a a z 001zy
|
| 200 |
1 |
|
|a Нитроазины
|f В. Л. Русинов, О. Н. Чупахин
|
| 210 |
|
|
|a Новосибирск
|c Наука
|d 1991
|
| 215 |
|
|
|a 346,[3] с.
|c ил.
|
| 320 |
|
|
|a Библиогр.: с. 343-347.
|
| 606 |
1 |
|
|a Азины и их производные
|x Химия
|2 stltpush
|3 (RuTPU)RU\TPU\subj\77645
|9 87758
|
| 610 |
1 |
|
|a гетероциклические соединения
|
| 610 |
1 |
|
|a химия
|
| 610 |
1 |
|
|a азотистые соединения
|
| 675 |
|
|
|a 547.85
|z rus
|
| 700 |
|
1 |
|a Русинов
|b В. Л.
|g Владимир Леонидович
|
| 701 |
|
1 |
|a Чупахин
|b О. Н.
|g Олег Николаевич
|
| 702 |
|
1 |
|a Власов
|b В. М.
|4 340
|
| 801 |
|
0 |
|a RU
|b RuMRKP
|c 19950417
|g psbo
|
| 801 |
|
1 |
|a RU
|b 63413507
|c 20080610
|g PSBO
|
| 801 |
|
2 |
|a RU
|b 63413507
|c 20190125
|g PSBO
|
| 942 |
|
|
|c BK
|